Capitales de Territorios británicos de ultramar - Estadísticas

Estadísticas generales
  • Esta prueba ha sido intentada 18 veces
  • La puntuación promedio es 8 de 14
Estadísticas de respuestas
Nombre Respuesta % Correcto
Gibraltar Gibraltar
86%
Islas Malvinas Stanley
86%
Bermuda Hamilton
79%
Tristán de Acuña Edimburgo de losSiete Mares
71%
Islas Pitcairn Adamstown
57%
Islas Turcas y Caicos Cockburn Town
57%
Ascensión Georgetown
57%
Islas Caimán George Town
57%
Montserrat Plymouth / Brades
57%
Anguila The Valley
57%
Islas Vírgenes Británicas Road Town
50%
Santa Elena Jamestown
43%
Territorio Británico delOcéano Índico Camp Thunder Cove
21%
Islas Georgias del Sury Sandwich del Sur Grytviken
14%
No se encontraron pruebas coincidentes
Distribución de puntuación
Porcentaje de gente con cada puntuación
Porcentaje por número respondido
Historial de tus puntuaciones
No has intentado esta prueba.